| 000 | 00458nam a2200193Ia 4500 | ||
|---|---|---|---|
| 008 | 170918s9999 xx 000 0 und d | ||
| 020 | _a9780439232627 | ||
| 050 | _bC386 1999 | ||
| 100 | _aCazet, Denys | ||
| 245 | _aMinnie and Moo save the earth / | ||
| 245 | _cby Denys Cazet | ||
| 260 | _aNew York : | ||
| 260 | _bScholastic, | ||
| 260 | _c1999 | ||
| 300 | _a48 pages : | ||
| 300 | _bcolored illustration ; | ||
| 300 | _c23cm. | ||
| 500 | _a130 | ||
| 999 |
_c343246 _d343246 |
||